| 000 | 00887nam a2200277 a 4500 | ||
|---|---|---|---|
| 001 | BRL_1613 | ||
| 005 | 20190320211304.0 | ||
| 008 | 140414s1996----mx-ao#####---#000-0#spa-# | ||
| 020 | _a9686520201 | ||
| 041 | _aspa | ||
| 044 | _amx | ||
| 050 | 4 |
_aNK844 _b.R66 1996 |
|
| 100 | 1 |
_aRomero Giordano, Carlos _94882 |
|
| 245 | 1 | 0 |
_aManos mexicanas _bmaestros del arte popular _cCarlos Romero Giordano ; prólogo Ruth Lechuga ; fotografía Javier Hinojosa. |
| 260 |
_aMéxico _bJilguero _c1996 |
||
| 300 |
_a141 p. _bil. a color _c32 cm. |
||
| 500 | _aLa biblioteca cuenta con 2 ejemplares | ||
| 500 | _aej.1 Au878, ej.2 Au2289 | ||
| 504 | _aBibliografía : p. 141 | ||
| 650 | 1 | 4 |
_aArte popular _zMéxico _9882 |
| 650 | 1 | 4 |
_aCerámica _zMéxico _94783 |
| 700 | 1 |
_aLechuga, Ruth D. _d1920-2004 _epról. _92443 |
|
| 700 | 1 |
_aHinojosa, Javier _eil. _94884 |
|
| 902 | _aGRL | ||
| 942 |
_2lcc _cB |
||
| 999 |
_c10422 _d10422 |
||